000 00963nas a2200313 4500
001 BR2013006796
003 BR-BrBNA
005 20231205122831.0
007 ta
008 230509b bl.|||p| |||| 00| 00por d
040 _aBR-BrBNA
_bpor
_cBiblioteca Nacional de Agricultura
041 _a(Pt)
072 _aF30
100 1 _aPinto, M. de O.
100 1 _aGood-God, P.I.V.
100 1 _aMoreira, M.A.
100 1 _aBarros, E.G. de
245 1 _aAssociação de marcadores moleculares SNP com o conteúdo de ácido linolêico em sementes de soja
650 _aSOJA
650 _aÁCIDO LINOLÊICO
650 _aMARCADOR MOLECULAR
650 _aPROPRIEDADE FÍSICO-QUÍMICA
650 _aGENE
650 _aGENÓTIPO
650 _aPARAMETRO GENÉTICO
773 0 _tPesquisa Agropecuária Brasileira (Brazil)
_xISSN 0100-204X
_g(Mar 2013), v. 48(3) p. 263-269
_wBR2013006796
909 _a202311
_bLúcia
_c55
_dLúcia Elande
942 _2AGRIS
_n0
_cANA
999 _c230830
_d230830